000 01773cam a22004694i 4500
003 PE-LiUPU
005 20250731173024.0
008 150623s r 000 0 d
020 _a0805420266
035 _a(Sirsi) i9780805420265
040 _aPE-LiUPU
_bspa
_cPE-LiUPU
_erda
049 _aPRUA
082 0 4 _a232.97
_bE96
_221
100 1 _aEwen, Pamela Binnings,
_eautor.
245 1 0 _aFaith on trial /
_cpor Pamela Binnings Ewen.
264 1 _aNashville, Tennessee :
_bBroadman & Holman Publishers,
_c1999.
300 _a210 páginas ;
_c22 centímetros
336 _atext
_2rdacontent
337 _aunmediated
_2rdamedia
338 _avolume
_2rdacarrier
504 _aIncluye bibliografía.
505 0 _aThe issue and the standard of proof. -Admissibiliy and authentication of the evidence. -The legal nature of the testimony. -Cross-examination on originality. -credibility - character and consistency. -Credibility-Collateral circunstances and corroboration. -Summation to the jury. -The verdict.
526 _aSEG42
526 _aSEG41
526 _aSEG40
526 _aSEG39
526 _aP94
526 _aP87
526 _aP86
526 _aP85
526 _aP77
526 _aP76
526 _aP35
630 _aBiblia.
_pN.T.
_pEvangelios
_xEvidencias, autoridad, etc.
650 0 4 _aResurrección de Jesús.
942 _2ddc
_cBOOK
949 _a232.97 E96
_wDEWEY
_c1
_i47869
_lCCODEBUL1
_mBUL
_r0
_sY
_tBOOK
_u2015-6-24
_xTEOLOGIA
_PP35
_0COMPRA
_o.STAFF. Colección General
994 _aC0
_bPEPRU
596 _a1
999 _a232.97 E96
_wDEWEY
_c24341
_i47869
_f2021-11-10
_g5
_lCCODEBUL1
_mBUL
_r0
_sY
_tBOOK
_u2015-6-24
_xTEOLOGIA
_PP35
_0COMPRA
_o.STAFF. Colección General
_d24341
980 _81
_gALBERTO SANCHEZ Responsable de Automatización